Física sperimentale e applicata alla medicina e alla biologia / (Record no. 57410)

MARC details
000 -LEADER
campo de control de longitud fija 00507nam a2200157 i 4500
001 - NÚMERO DE CONTROL
campo de control 57410
003 - IDENTIFICADOR DE NÚMERO DE CONTROL
campo de control ES-MaACL
007 - CAMPO FIJO DE DESCRIPCIÓN FÍSICA--INFORMACIÓN GENERAL
campo de control de longitud fija t|
008 - DATOS DE LONGITUD FIJA--INFORMACIÓN GENERAL
campo de control de longitud fija 031016s1946 it ||||1| ita d
100 1# - ENTRADA PRINCIPAL--NOMBRE DE PERSONA
Nombre de persona Drigo, Angelo.
9 (RLIN) 45642
245 10 - MENCIÓN DEL TÍTULO
Título Física sperimentale e applicata alla medicina e alla biologia /
Mención de responsabilidad, etc. Angelo Drigo.
250 ## - MENCION DE EDICION
Mención de edición [4ª ed.].
260 ## - PUBLICACIÓN, DISTRIBUCIÓN, ETC.
Lugar de publicación, distribución, etc. Padova :
Nombre del editor, distribuidor, etc. Ricardo Zannoni,
Fecha de publicación, distribución, etc. [1946] (
Fabricante Imp. del Seminario)
300 ## - DESCRIPCIÓN FÍSICA
Extensión XVII, 616 p. ;
Dimensiones 24 cm +
Material acompañante/anejo 1 folleto (35 lám.)
852 ## - LOCALIZACIÓN
Ubicación ES-MaACL
Número de control de estantería E-2327
Sublocalización o colección R.24040
Holdings
Estatus retirado Estado de pérdida Estado de daño No para préstamo Biblioteca de origen Biblioteca actual Ubicación en estantería Fecha de adquisición Fuente de adquisición Total de préstamos Signatura topográfica completa Código de barras Visto por última vez Precio de reemplazo Tipo de ítem Koha
        Biblioteca del Ateneo de Madrid Biblioteca del Ateneo de Madrid Depósito 2 17/01/2008     E-2327 1060272 23/02/2023 23/02/2023 Libro impreso